[Event "Bavaria-ch 94th"]
[Site "Rosenheim"]
[Date "2023.08.24"]
[Round "7"]
[White "Kamenskyi, Dmytro"]
[Black "Kessler, Jan"]
[Result "1/2-1/2"]
[WhiteElo "2030"]
[BlackElo "2094"]
[PlyCount "116"]
[EventDate "2023.08.20"]
[EventType "tourn"]
[EventRounds "9"]
[EventCountry "GER"]
[SourceTitle "CBM 215 Extra"]
[Source "ChessBase"]
[SourceDate "2023.09.30"]
[SourceVersion "1"]
[SourceVersionDate "2023.09.30"]
[SourceQuality "1"]

1. e4 c5 2. Nf3 g6 3. d4 cxd4 4. Nxd4 Nc6 5. Nc3 Bg7 6. Be3 Nf6 7. Nxc6 bxc6 8. e5 Ng8 9. Bd4 Qa5 10. Bc4 Bxe5 11. 0-0 Nh6 12. Re1 Bxd4 13. Qxd4 0-0 14. Rxe7 d5 15. Bxd5 Nf5 16. Qe5 cxd5 17. Nxd5 Qd8 18. Rd1 Qxe7 19. Nxe7+ Nxe7 20. Qxe7 Bg4 21. f3 Bf5 22. Rd2 Rfe8 23. Qc5 h5 24. c4 Rac8 25. Qd4 Re1+ 26. Kf2 Rc1 27. b3 a5 28. Qf6 a4 29. Rd8+ Rxd8 30. Qxd8+ Kg7 31. Qd4+ Kg8 32. g4 hxg4 33. fxg4 Rc2+ 34. Kg3 Be6 35. bxa4 Rxc4 36. Qd1 Rc3+ 37. Kf4 Rc4+ 38. Kg3 Rc3+ 39. Kf2 Ra3 40. Qd4 Rxa2+ 41. Kg3 Kh7 42. Qb4 Rc2 43. h3 Rc4 44. Qa3 Bd7 45. a5 Ra4 46. Qc5 Be6 47. Kh4 Kh6 48. Qb5 Ra3 49. a6 Kh7 50. Qf1 Kg7 51. Kg5 Ra5+ 52. Kf4 Ra4+ 53. Ke5 Bc4 54. Qf6+ Kh7 55. Qc6 Ra5+ 56. Kf4 Bxa6 57. Qc7 Ra4+ 58. Kg3 Bc4 1/2-1/2

[Event "Bavaria-ch 94th"]
[Site "Rosenheim"]
[Date "2023.08.22"]
[Round "3"]
[White "Heidrich, Manfred"]
[Black "Kessler, Jan"]
[Result "1/2-1/2"]
[WhiteElo "2332"]
[BlackElo "2094"]
[PlyCount "30"]
[EventDate "2023.08.20"]
[EventType "tourn"]
[EventRounds "9"]
[EventCountry "GER"]
[SourceTitle "CBM 215 Extra"]
[Source "ChessBase"]
[SourceDate "2023.09.30"]
[SourceVersion "1"]
[SourceVersionDate "2023.09.30"]
[SourceQuality "1"]

1. e4 c5 2. c3 Nf6 3. e5 Nd5 4. Nf3 d6 5. d4 cxd4 6. cxd4 Nc6 7. Bd2 Bg4 8. Qb3 Bxf3 9. gxf3 Nb6 10. Bc3 e6 11. Na3 d5 12. Nc2 Be7 13. f4 g6 14. Bd3 0-0 15. Rg1 f5 1/2-1/2

[Event "Bavaria-ch 94th"]
[Site "Rosenheim"]
[Date "2023.08.22"]
[Round "4"]
[White "Kessler, Jan"]
[Black "Lang, Zalan Andreas"]
[Result "0-1"]
[WhiteElo "2094"]
[BlackElo "2221"]
[PlyCount "100"]
[EventDate "2023.08.20"]
[EventType "tourn"]
[EventRounds "9"]
[EventCountry "GER"]
[SourceTitle "CBM 215 Extra"]
[Source "ChessBase"]
[SourceDate "2023.09.30"]
[SourceVersion "1"]
[SourceVersionDate "2023.09.30"]
[SourceQuality "1"]

1. e4 c5 2. Nc3 Nc6 3. g3 g6 4. Bg2 Bg7 5. d3 d6 6. Nge2 e6 7. 0-0 Nge7 8. Bg5 0-0 9. Qd2 b5 10. e5 d5 11. f4 Qb6 12. Bxe7 Nxe7 13. Rae1 Bb7 14. g4 b4 15. Nd1 f6 16. exf6 Bxf6 17. f5 exf5 18. g5 Be5 19. Nf4 Qd6 20. Rxe5 Qxe5 21. Re1 Qd6 22. Re6 Qc7 23. h4 Rad8 24. h5 Rd6 25. Qe2 Rxe6 26. Nxe6 Qd6 27. Nxf8 Kxf8 28. Nf2 Qg3 29. d4 c4 30. Qe6 Qxg5 31. Nh3 Qxh5 32. Qf6+ Ke8 33. Nf4 Qd1+ 34. Kh2 Qe1 35. Ne6 Bc8 36. Nc5 Qe3 37. Bxd5 Nxd5 38. Qc6+ Ke7 39. Qxd5 Qe2+ 40. Kg1 Qd1+ 41. Kh2 Qxc2+ 42. Kg3 f4+ 43. Kf3 Qf5 44. Qxc4 Qg4+ 45. Kf2 Qg3+ 46. Ke2 Qe3+ 47. Kd1 Bg4+ 48. Kc2 Qe2+ 49. Kb3 Qxc4+ 50. Kxc4 Bf5 0-1

[Event "Bavaria-ch 94th"]
[Site "Rosenheim"]
[Date "2023.08.20"]
[Round "1"]
[White "Kessler, Jan"]
[Black "Sesselmann, Moritz"]
[Result "1-0"]
[WhiteElo "2094"]
[BlackElo "1697"]
[PlyCount "81"]
[EventDate "2023.08.20"]
[EventType "tourn"]
[EventRounds "9"]
[EventCountry "GER"]
[SourceTitle "CBM 215 Extra"]
[Source "ChessBase"]
[SourceDate "2023.09.30"]
[SourceVersion "1"]
[SourceVersionDate "2023.09.30"]
[SourceQuality "1"]

1. e4 c5 2. Nc3 d6 3. g3 Nc6 4. Bg2 g6 5. d3 Bg7 6. Nge2 e6 7. 0-0 Nge7 8. Bg5 Rb8 9. Qd2 b5 10. Bh6 0-0 11. Bxg7 Kxg7 12. d4 b4 13. Na4 Qa5 14. b3 Ba6 15. d5 Bxe2 16. Qxe2 Nd4 17. Qd2 exd5 18. exd5 Qb5 19. Rfe1 Nef5 20. Nb2 Qd7 21. Nc4 Rbe8 22. c3 bxc3 23. Qxc3 Kg8 24. Kf1 Rxe1+ 25. Rxe1 Re8 26. Be4 h5 27. Qc1 Kf8 28. Qf4 Qe7 29. f3 Nc2 30. Rc1 Nb4 31. a3 Na6 32. Bxf5 gxf5 33. Qh6+ Kg8 34. Qxh5 Qf6 35. h4 Nc7 36. Rd1 Rb8 37. Rd3 Qa1+ 38. Kg2 Qa2+ 39. Rd2 Qxb3 40. Nxd6 Rf8 41. Nxf5 1-0

[Event "Mittelfranken Landesliga Sued 2223"]
[Site "Mittelfranken"]
[Date "2023.03.19"]
[Round "8.4"]
[White "Kessler, Jan"]
[Black "Schoeneich, Matthias"]
[Result "1-0"]
[WhiteElo "2150"]
[BlackElo "2123"]
[PlyCount "87"]
[EventDate "2022.10.09"]
[EventType "team-tourn"]
[EventRounds "9"]
[EventCountry "GER"]
[SourceTitle "EXT 2024"]
[Source "ChessBase"]
[SourceDate "2023.10.10"]
[SourceVersion "1"]
[SourceVersionDate "2023.10.10"]
[SourceQuality "1"]
[WhiteTeam "Unterhaching"]
[BlackTeam "Bayern Muenchen III"]
[WhiteTeamCountry "GER"]
[BlackTeamCountry "GER"]

1. e4 c5 2. Nc3 Nc6 3. g3 g6 4. Bg2 Bg7 5. d3 e6 6. Nge2 Nge7 7. Bg5 0-0 8. 0-0 a6 9. Qd2 b5 10. a3 Bb7 11. Bh6 Nd4 12. Bxg7 Kxg7 13. b4 Qb6 14. Qg5 cxb4 15. Nf4 Ng8 16. axb4 f6 17. Qg4 Rac8 18. Nce2 Nxc2 19. Rab1 Rc7 20. h4 Nh6 21. Qh3 e5 22. Nd5 Bxd5 23. exd5 Qd6 24. d4 exd4 25. Rfd1 f5 26. Nxd4 Nxb4 27. Bf3 Na2 28. Rd2 Nc3 29. Re1 b4 30. h5 a5 31. hxg6 hxg6 32. Qh4 a4 33. Re6 dxe6 34. Nxe6+ Kh7 35. Ng5+ Kg7 36. Ne6+ Kh7 37. Ng5+ Kg8 38. Qxh6 a3 39. Ne6 Rf6 40. Qg5 Rxe6 41. dxe6 Qe7 42. Qxg6+ Kh8 43. Qh6+ Kg8 44. Bh5 1-0

[Event "Mittelfranken Landesliga Sued 2223"]
[Site "Mittelfranken"]
[Date "2023.03.05"]
[Round "7.2"]
[White "Steinmueller, Stephan"]
[Black "Kessler, Jan"]
[Result "0-1"]
[WhiteElo "2130"]
[BlackElo "2150"]
[PlyCount "62"]
[EventDate "2022.10.09"]
[EventType "team-tourn"]
[EventRounds "9"]
[EventCountry "GER"]
[SourceTitle "EXT 2024"]
[Source "ChessBase"]
[SourceDate "2023.10.10"]
[SourceVersion "1"]
[SourceVersionDate "2023.10.10"]
[SourceQuality "1"]
[WhiteTeam "Starnberg"]
[BlackTeam "Unterhaching"]
[WhiteTeamCountry "GER"]
[BlackTeamCountry "GER"]

1. e4 c5 2. Nc3 g6 3. g3 Bg7 4. Bg2 Nc6 5. d3 d6 6. Be3 e6 7. Qd2 Nd4 8. Nd1 b6 9. c3 Nc6 10. Ne2 Ba6 11. f4 Nge7 12. f5 Ne5 13. 0-0 exf5 14. exf5 Nxf5 15. Rxf5 gxf5 16. Bh6 Bxh6 17. Qxh6 Bxd3 18. Nf2 Bxe2 19. Re1 Kd7 20. Rxe2 Re8 21. Rd2 Kc7 22. Bxa8 Re6 23. Qxh7 Qxa8 24. Nh3 Qe4 25. Rf2 Qe1+ 26. Rf1 Qe3+ 27. Kg2 Ng4 28. Nf4 Qd2+ 29. Kg1 Re7 30. c4 Kc6 31. h3 Qh2# 0-1

[Event "Mittelfranken Landesliga Sued 2223"]
[Site "Mittelfranken"]
[Date "2022.10.09"]
[Round "1.4"]
[White "Wolf, Armin"]
[Black "Kessler, Jan"]
[Result "1-0"]
[WhiteElo "2095"]
[BlackElo "2150"]
[PlyCount "149"]
[EventDate "2022.10.09"]
[EventType "team-tourn"]
[EventRounds "9"]
[EventCountry "GER"]
[SourceTitle "EXT 2024"]
[Source "ChessBase"]
[SourceDate "2023.10.10"]
[SourceVersion "1"]
[SourceVersionDate "2023.10.10"]
[SourceQuality "1"]
[WhiteTeam "Haunstetten"]
[BlackTeam "Unterhaching"]
[WhiteTeamCountry "GER"]
[BlackTeamCountry "GER"]

1. e4 c5 2. Nf3 g6 3. c3 Bg7 4. Bc4 e6 5. 0-0 Ne7 6. d4 cxd4 7. Nxd4 d5 8. exd5 Nxd5 9. Qa4+ Bd7 10. Qa3 Qe7 11. Bxd5 Qxa3 12. Nxa3 exd5 13. Re1+ Kf8 14. Bf4 a6 15. Rad1 Nc6 16. Nb3 b6 17. Rxd5 Be6 18. Rd6 Rc8 19. Be3 Ke7 20. Red1 Be5 21. R6d2 Rb8 22. Nd4 Bxd4 23. Bxd4 Nxd4 24. Rxd4 Bxa2 25. Rd7+ Kf6 26. R1d6+ Kg7 27. Nc2 Rhe8 28. Ne3 Re6 29. Kf1 Kf8 30. Rd4 Re7 31. Rxe7 Kxe7 32. Ra4 Bb1 33. Ke1 a5 34. b4 axb4 35. Rxb4 Ba2 36. c4 Kd6 37. Rb2 Ra8 38. Rxb6+ Kc5 39. Rb7 Rf8 40. Kd2 h5 41. Kc3 Kc6 42. Rb2 Ra8 43. Nd5 Kc5 44. Rb5+ Kd6 45. Kd4 Ra4 46. Rb6+ Kd7 47. Rb7+ Ke6 48. Ne3 h4 49. f4 Ra5 50. Rb6+ Kd7 51. Rb4 Ra3 52. Nd5 h3 53. gxh3 Rxh3 54. Rb2 Bb3 55. Re2 Kd8 56. Re7 Rxh2 57. Rxf7 Rc2 58. Nb6 Rf2 59. Rf6 Ke8 60. Nd5 Rc2 61. Ne3 Rf2 62. Ng4 Rf1 63. Ne5 Bc2 64. Kd5 Bf5 65. Nxg6 Bxg6 66. Rxg6 Rxf4 67. Rd6 Ke7 68. c5 Rf5+ 69. Kc6 Rf1 70. Rd2 Rf6+ 71. Kb7 Rf5 72. c6 Rb5+ 73. Kc8 Rb1 74. Rd4 Rd1 75. Rxd1 1-0

[Event "Mittelfranken Landesliga Sued 2122"]
[Site "Mittelfranken"]
[Date "2022.06.26"]
[Round "3.2"]
[White "Kessler, Jan"]
[Black "Schwarzmeier, Klaus"]
[Result "0-1"]
[WhiteElo "2130"]
[BlackElo "2149"]
[PlyCount "98"]
[EventDate "2021.10.24"]
[EventType "team-tourn"]
[EventRounds "9"]
[EventCountry "GER"]
[SourceTitle "EXT 2024"]
[Source "ChessBase"]
[SourceDate "2023.10.10"]
[SourceVersion "1"]
[SourceVersionDate "2023.10.10"]
[SourceQuality "1"]
[WhiteTeam "Unterhaching"]
[BlackTeam "Rottal Inn"]
[WhiteTeamCountry "GER"]
[BlackTeamCountry "GER"]

1. e4 e6 2. d4 d5 3. exd5 exd5 4. Nf3 Nf6 5. Bd3 Bd6 6. Qe2+ Be6 7. Ng5 Qe7 8. Nxe6 fxe6 9. 0-0 Nc6 10. Bb5 0-0 11. Bxc6 bxc6 12. Bg5 Qf7 13. Nd2 Qg6 14. Bxf6 Rxf6 15. Qd3 Qh6 16. g3 Qh3 17. f4 c5 18. c3 Bxf4 19. Qe2 Bd6 20. Rxf6 gxf6 21. Re1 cxd4 22. cxd4 Kf7 23. Qb5 Re8 24. Nf1 Qg4 25. Qd3 Qg6 26. Qb3 h5 27. Kg2 h4 28. Re2 Qg4 29. Qd3 hxg3 30. Qh7+ Kf8 31. Re3 gxh2+ 32. Ng3 Re7 33. Qh8+ Kf7 34. Kxh2 Bf4 35. Rb3 Re8 36. Qh7+ Qg7 37. Qxg7+ Kxg7 38. Kg2 Kf7 39. Ne2 Bd6 40. Rb7 Ra8 41. Kf3 e5 42. Nc3 Ke6 43. Nb5 Kd7 44. Nxa7 e4+ 45. Ke2 f5 46. a3 f4 47. Nb5 f3+ 48. Kf1 Bg3 49. Nc3 Rh8 0-1

[Event "Mittelfranken Landesliga Sued 2122"]
[Site "Mittelfranken"]
[Date "2021.10.24"]
[Round "1.2"]
[White "Kessler, Jan"]
[Black "Schnelzer, Reinhold"]
[Result "0-1"]
[WhiteElo "2130"]
[BlackElo "2111"]
[PlyCount "68"]
[EventDate "2021.10.24"]
[EventType "team-tourn"]
[EventRounds "9"]
[EventCountry "GER"]
[SourceTitle "EXT 2024"]
[Source "ChessBase"]
[SourceDate "2023.10.10"]
[SourceVersion "1"]
[SourceVersionDate "2023.10.10"]
[SourceQuality "1"]
[WhiteTeam "Unterhaching"]
[BlackTeam "Haunstetten"]
[WhiteTeamCountry "GER"]
[BlackTeamCountry "GER"]

1. e4 c6 2. d4 d5 3. exd5 cxd5 4. Bd3 Nf6 5. c3 Bg4 6. Qb3 Qd7 7. Bf4 Nc6 8. Nd2 e6 9. Ngf3 Be7 10. 0-0 Bxf3 11. Nxf3 0-0 12. Rae1 Bd6 13. Bxd6 Qxd6 14. Ne5 Qc7 15. f4 Na5 16. Qc2 Nc4 17. Rf3 Nd6 18. Rh3 Nfe4 19. c4 Qa5 20. b4 Qxb4 21. Rb1 Qa5 22. c5 Nf5 23. Bxe4 dxe4 24. g4 Nh6 25. Qxe4 Qxa2 26. Rxb7 f5 27. gxf5 Nxf5 28. Rd3 Qa1+ 29. Kg2 Qc1 30. Nf3 Rf6 31. Rxg7+ Kxg7 32. Qb7+ Kh6 33. Ng5 Qxf4 34. Qxh7+ Kxg5 0-1

[Event "Landesliga Sued 1920"]
[Site "Bayern"]
[Date "2019.10.20"]
[Round "1.7"]
[White "Kessler, Jan"]
[Black "Lerch, Martin"]
[Result "1/2-1/2"]
[WhiteElo "2004"]
[BlackElo "1977"]
[PlyCount "46"]
[EventDate "2019.09.29"]
[EventType "team-tourn"]
[EventRounds "9"]
[EventCountry "GER"]
[SourceTitle "EXT 2021"]
[Source "ChessBase"]
[SourceDate "2020.10.23"]
[SourceVersion "1"]
[SourceVersionDate "2020.10.23"]
[SourceQuality "1"]
[WhiteTeam "Unterhaching"]
[BlackTeam "MSA Zugzwang II"]
[WhiteTeamCountry "GER"]
[BlackTeamCountry "GER"]

1. e4 e6 2. d4 d5 3. exd5 exd5 4. Nf3 Bg4 5. Bd3 Bd6 6. 0-0 Ne7 7. c3 c6 8. Re1 Nd7 9. Bg5 f6 10. Bh4 0-0 11. Nbd2 Re8 12. Qc2 Nf8 13. Bg3 Qc7 14. Nh4 Bh5 15. Re3 Neg6 16. Bxd6 Qxd6 17. Nf5 Qd7 18. Rae1 Nf4 19. Nf1 Nxd3 20. Qxd3 Bg6 21. Rxe8 Rxe8 22. Rxe8 Qxe8 23. Qe3 Qe6 1/2-1/2

[Event "Landesliga Sued 1819"]
[Site "Bayern"]
[Date "2019.02.24"]
[Round "7.7"]
[White "Romfeld, Michael"]
[Black "Kessler, Jan"]
[Result "1-0"]
[WhiteElo "2087"]
[BlackElo "1958"]
[PlyCount "99"]
[EventDate "2018.10.21"]
[EventType "team-tourn"]
[EventRounds "9"]
[EventCountry "GER"]
[SourceTitle "EXT 2022"]
[Source "ChessBase"]
[SourceDate "2021.10.06"]
[SourceVersion "1"]
[SourceVersionDate "2021.10.06"]
[SourceQuality "1"]
[WhiteTeam "Haunstetten TSV"]
[BlackTeam "Unterhaching"]
[WhiteTeamCountry "GER"]
[BlackTeamCountry "GER"]

1. d4 Nf6 2. Nf3 d5 3. Bf4 c5 4. c3 Nc6 5. e3 Qb6 6. Qb3 c4 7. Qxb6 axb6 8. Be2 b5 9. 0-0 Bf5 10. a3 b4 11. cxb4 Nxb4 12. Nc3 Na6 13. Ne5 e6 14. g4 Bc2 15. Rac1 Bb3 16. g5 Nd7 17. Nf3 Nb6 18. Nd2 Ba4 19. Nxa4 Nxa4 20. b3 Bxa3 21. bxa4 Bxc1 22. Rxc1 Nb8 23. Nb1 Nd7 24. Nc3 Nb6 25. Bd1 Nc8 26. Rb1 b6 27. e4 dxe4 28. Bc2 Ke7 29. Bxe4 Ra7 30. Rb4 f5 31. Bc6 Rd8 32. Be5 Kf7 33. Rxc4 Ne7 34. Bb5 Ng6 35. Rc6 Nxe5 36. dxe5 Rd4 37. Bc4 Re7 38. Nb5 Rd1+ 39. Kg2 Ra1 40. Nc7 Rxa4 41. Bxe6+ Kf8 42. Nd5 Rg4+ 43. Kf1 Re8 44. f4 g6 45. Bd7 Ra8 46. e6 Ra1+ 47. Ke2 Ra2+ 48. Kd3 Ra3+ 49. Kd4 Ra4+ 50. Ke5 1-0

[Event "Landesliga Sued 1819"]
[Site "Bayern"]
[Date "2019.02.03"]
[Round "6.4"]
[White "Baeuml, Ulrich"]
[Black "Kessler, Jan"]
[Result "1/2-1/2"]
[WhiteElo "2062"]
[BlackElo "1958"]
[PlyCount "82"]
[EventDate "2018.10.21"]
[EventType "team-tourn"]
[EventRounds "9"]
[EventCountry "GER"]
[SourceTitle "EXT 2022"]
[Source "ChessBase"]
[SourceDate "2021.10.06"]
[SourceVersion "1"]
[SourceVersionDate "2021.10.06"]
[SourceQuality "1"]
[WhiteTeam "Dillingen"]
[BlackTeam "Unterhaching"]
[WhiteTeamCountry "GER"]
[BlackTeamCountry "GER"]

1. Nf3 c5 2. g3 g6 3. Bg2 Nc6 4. 0-0 Bg7 5. c4 d6 6. Nc3 e5 7. Rb1 Nge7 8. a3 a5 9. d3 0-0 10. Bd2 Rb8 11. Ne1 Be6 12. Nd5 b5 13. b4 axb4 14. axb4 cxb4 15. Nxb4 Nxb4 16. Rxb4 bxc4 17. dxc4 Rxb4 18. Bxb4 Bxc4 19. Qxd6 Nf5 20. Qc6 Bxe2 21. Bxf8 Bxf8 22. Nf3 Bxf1 23. Bxf1 Nd4 24. Nxd4 Qxd4 25. Qc4 Qa7 26. Qa6 Qc7 27. Qa8 Kg7 28. Qd5 Bc5 29. Bc4 Bd4 30. Kg2 Qe7 31. f4 Ba1 32. fxe5 Bxe5 33. h4 h5 34. Bb3 Qc7 35. Qf3 Bd4 36. Kh2 Ba7 37. Qd5 Bf2 38. Qf3 Bb6 39. Qd5 Ba7 40. Qc4 Qe7 41. Qc3+ Qf6 1/2-1/2

[Event "Landesliga Sued 1819"]
[Site "Bayern"]
[Date "2018.12.16"]
[Round "4.7"]
[White "Kessler, Jan"]
[Black "Heuser, Philip"]
[Result "0-1"]
[WhiteElo "1958"]
[BlackElo "2048"]
[PlyCount "118"]
[EventDate "2018.10.21"]
[EventType "team-tourn"]
[EventRounds "9"]
[EventCountry "GER"]
[SourceTitle "EXT 2022"]
[Source "ChessBase"]
[SourceDate "2021.10.06"]
[SourceVersion "1"]
[SourceVersionDate "2021.10.06"]
[SourceQuality "1"]
[WhiteTeam "Unterhaching"]
[BlackTeam "Muenchen SC II"]
[WhiteTeamCountry "GER"]
[BlackTeamCountry "GER"]

1. e4 c6 2. d4 d5 3. exd5 cxd5 4. Bd3 Nc6 5. c3 Nf6 6. Bf4 Bg4 7. Qb3 Qc8 8. Nd2 e6 9. h3 Bh5 10. Ngf3 Be7 11. 0-0 Bg6 12. Bxg6 hxg6 13. Ne5 Nxe5 14. Bxe5 0-0 15. g4 Qd7 16. a4 Rfc8 17. Kg2 Ne8 18. Rh1 Nd6 19. h4 f6 20. Bg3 Kf7 21. Qc2 Rh8 22. Rh3 Rac8 23. Rah1 Rcg8 24. Bxd6 Bxd6 25. Nf3 Bf4 26. h5 gxh5 27. Rxh5 Rxh5 28. Rxh5 e5 29. Kh3 e4 30. Nh4 g6 31. Rh7+ Rg7 32. Rxg7+ Kxg7 33. c4 Qc6 34. b3 Bb8 35. f3 Qc7 36. Qg2 dxc4 37. bxc4 Qxc4 38. fxe4 Qxd4 39. Qf3 Qe5 40. Qg2 Qf4 41. e5 Qe3+ 42. Qf3 Qxf3+ 43. Nxf3 Bxe5 44. Kg2 Kf7 45. Kf2 Ke6 46. Ke3 Kd5 47. Nh4 g5 48. Ng6 Kc4 49. Ke4 Kb4 50. Nxe5 fxe5 51. Kxe5 Kxa4 52. Kf6 b5 53. Kxg5 b4 54. Kf6 b3 55. g5 b2 56. g6 b1Q 57. g7 Qb2+ 58. Kf7 a5 59. Kf8 Qxg7+ 0-1

[Event "Landesliga Sued 1819"]
[Site "Bayern"]
[Date "2018.11.25"]
[Round "3.5"]
[White "Hoy, Bernd"]
[Black "Kessler, Jan"]
[Result "1/2-1/2"]
[WhiteElo "2167"]
[BlackElo "1958"]
[PlyCount "122"]
[EventDate "2018.10.21"]
[EventType "team-tourn"]
[EventRounds "9"]
[EventCountry "GER"]
[SourceTitle "EXT 2022"]
[Source "ChessBase"]
[SourceDate "2021.10.06"]
[SourceVersion "1"]
[SourceVersionDate "2021.10.06"]
[SourceQuality "1"]
[WhiteTeam "Groebenzell"]
[BlackTeam "Unterhaching"]
[WhiteTeamCountry "GER"]
[BlackTeamCountry "GER"]

1. b3 c5 2. e4 Nc6 3. Bb2 e5 4. Nf3 d6 5. Bb5 Nge7 6. a4 g6 7. Na3 Bg7 8. 0-0 0-0 9. c3 Be6 10. Bc4 Bxc4 11. bxc4 f5 12. d3 f4 13. d4 Bf6 14. dxc5 dxc5 15. Qe2 a6 16. h3 Qc7 17. Nh2 Rad8 18. Nc2 Rd7 19. Ba3 Rfd8 20. Rfd1 b6 21. Rd5 Nxd5 22. cxd5 Nb8 23. Qc4 Kh8 24. Ne1 a5 25. Rb1 Rg7 26. Bc1 g5 27. Ng4 Rg6 28. Qe2 Nd7 29. Nh2 Be7 30. Nc2 Nf6 31. Ng4 Nxg4 32. Qxg4 Qd7 33. Qxd7 Rxd7 34. Na3 Bd8 35. Nc4 Bc7 36. Ba3 Kg8 37. Kf1 Kf7 38. d6 Bxd6 39. Rxb6 Bc7 40. Rb7 Ke8 41. Ke2 Re6 42. Rb5 Bd8 43. Bxc5 Rc7 44. Nxa5 Ra6 45. Bb4 Rca7 46. Rxe5+ Kf7 47. Nc4 Rxa4 48. Nd6+ Kf6 49. Rf5+ Kg6 50. Nc4 Ra2+ 51. Kf3 Bf6 52. Rd5 Rc7 53. e5 Rxc4 54. Rd6 Kf5 55. exf6 h5 56. g4+ fxg3 57. Kxg3 Kg6 58. Rb6 Rf4 59. Bc5 Rxf6 60. Rb8 Rc2 61. Bd4 Rc6 1/2-1/2

[Event "Landesliga Sued 1819"]
[Site "Bayern"]
[Date "2018.10.21"]
[Round "1.6"]
[White "Kessler, Jan"]
[Black "Hartl, Aldo"]
[Result "1/2-1/2"]
[WhiteElo "1958"]
[BlackElo "2057"]
[PlyCount "30"]
[EventDate "2018.10.21"]
[EventType "team-tourn"]
[EventRounds "9"]
[EventCountry "GER"]
[SourceTitle "EXT 2022"]
[Source "ChessBase"]
[SourceDate "2021.10.06"]
[SourceVersion "1"]
[SourceVersionDate "2021.10.06"]
[SourceQuality "1"]
[WhiteTeam "Unterhaching"]
[BlackTeam "Trostberg TSV"]
[WhiteTeamCountry "GER"]
[BlackTeamCountry "GER"]

1. e4 e5 2. Nf3 Nf6 3. d4 Nxe4 4. Nxe5 d5 5. Bd3 Nd7 6. Nxd7 Bxd7 7. 0-0 Qh4 8. c4 0-0-0 9. Nc3 Bd6 10. g3 Nxg3 11. fxg3 Bxg3 12. hxg3 Qxg3+ 13. Kh1 Qh3+ 14. Kg1 Qg3+ 15. Kh1 Qh3+ 1/2-1/2

[Event "Landesliga Sued 1718"]
[Site "Bayern"]
[Date "2018.02.25"]
[Round "7.8"]
[White "Kessler, Jan"]
[Black "Dolansky, Lukas"]
[Result "0-1"]
[WhiteElo "1994"]
[BlackElo "2092"]
[PlyCount "98"]
[EventDate "2017.10.22"]
[EventType "team-tourn"]
[EventRounds "9"]
[EventCountry "GER"]
[SourceTitle "EXT 2022"]
[Source "ChessBase"]
[SourceDate "2021.10.06"]
[SourceVersion "1"]
[SourceVersionDate "2021.10.06"]
[SourceQuality "1"]
[WhiteTeam "Unterhaching"]
[BlackTeam "Roehrnbach"]
[WhiteTeamCountry "GER"]
[BlackTeamCountry "GER"]

1. e4 e5 2. Nf3 Nc6 3. Bc4 Bc5 4. b4 Bxb4 5. c3 Be7 6. d4 d6 7. Qb3 Na5 8. Bxf7+ Kf8 9. Qa4 c6 10. Bxg8 Kxg8 11. dxe5 dxe5 12. Nxe5 Bf6 13. Nc4 Qd3 14. Nxa5 Be6 15. Qd1 Qxe4+ 16. Qe2 Qd5 17. Nb3 Kf7 18. 0-0 Rhe8 19. Be3 Rad8 20. Nd4 Bc8 21. Na3 Qa5 22. Qc4+ Kf8 23. Nac2 Qh5 24. Nf3 Rd5 25. Rad1 Be6 26. Rxd5 Bxd5 27. Qf4 Re4 28. Qb8+ Kf7 29. Qxb7+ Re7 30. Qb4 Bxf3 31. gxf3 Qg6+ 32. Kh1 Qxc2 33. Qc4+ Re6 34. Bxa7 Qxc3 35. Qxc3 Bxc3 36. Rc1 Be5 37. Be3 Kf6 38. Kg2 Kf5 39. Rc5 g5 40. Bd4 Kf4 41. Bxe5+ Rxe5 42. Rxe5 Kxe5 43. Kf1 Kd4 44. Ke2 Kc3 45. Kd1 c5 46. Kc1 h5 47. h3 c4 48. f4 gxf4 49. f3 h4 0-1

[Event "Munich OIS op 37th"]
[Site "Munich"]
[Date "2017.10.07"]
[Round "8"]
[White "Kessler, Jan"]
[Black "Ryzhkov, Vadim"]
[Result "1/2-1/2"]
[WhiteElo "2053"]
[BlackElo "2145"]
[PlyCount "113"]
[EventDate "2017.09.30"]
[EventType "swiss"]
[EventRounds "9"]
[EventCountry "GER"]
[SourceTitle "CBM 181 Extra"]
[Source "ChessBase"]
[SourceDate "2017.12.12"]
[SourceVersion "1"]
[SourceVersionDate "2017.12.12"]
[SourceQuality "1"]

1. e4 e6 2. d4 d5 3. exd5 exd5 4. Bd3 Nc6 5. c3 Bd6 6. Nf3 Nge7 7. 0-0 Bg4 8. Nbd2 Qd7 9. b4 Bf5 10. Nb3 f6 11. Re1 Bxd3 12. Qxd3 Qg4 13. a4 Qg6 14. Qe2 0-0 15. Nc5 Bxc5 16. dxc5 Qf7 17. Bf4 Ng6 18. Bg3 Nce5 19. Nxe5 fxe5 20. f3 Rae8 21. Qb5 c6 22. Qa5 h5 23. h4 Qf6 24. Qxa7 Nxh4 25. Bxh4 Qxh4 26. Qxb7 Re6 27. Rf1 Qg3 28. b5 Rg6 29. Ra2 Rf4 30. Qb8+ Rf8 31. Qc7 Rf7 32. Qc8+ Rf8 33. Qd7 e4 34. f4 Qe3+ 35. Kh1 Qxc5 36. bxc6 Qxc6 37. Qxc6 Rxc6 38. Rd2 Rc5 39. Rfd1 Rf5 40. g3 Rxc3 41. Rxd5 Rxd5 42. Rxd5 Rxg3 43. Rxh5 Rf3 44. Kg2 Rxf4 45. Re5 Kf7 46. Kg3 Rf3+ 47. Kg4 Re3 48. Kf4 Re1 49. Rxe4 g5+ 50. Kf5 Rxe4 51. Kxe4 Ke6 52. a5 Kd6 53. a6 Kc6 54. a7 Kb7 55. a8Q+ Kxa8 56. Kf5 g4 57. Kxg4 1/2-1/2

[Event "Munich OIS op 37th"]
[Site "Munich"]
[Date "2017.10.03"]
[Round "4"]
[White "Ovsepyan, Arshak"]
[Black "Kessler, Jan"]
[Result "1-0"]
[WhiteElo "2169"]
[BlackElo "2053"]
[PlyCount "73"]
[EventDate "2017.09.30"]
[EventType "swiss"]
[EventRounds "9"]
[EventCountry "GER"]
[SourceTitle "CBM 181 Extra"]
[Source "ChessBase"]
[SourceDate "2017.12.12"]
[SourceVersion "1"]
[SourceVersionDate "2017.12.12"]
[SourceQuality "1"]

1. e4 c5 2. b3 d6 3. Bb2 Nc6 4. Bb5 Bd7 5. Ne2 Nf6 6. Bxc6 Bxc6 7. d3 g6 8. 0-0 Bg7 9. c4 0-0 10. Qc2 e5 11. Nd2 Nh5 12. a3 f5 13. b4 b6 14. exf5 gxf5 15. f4 Qh4 16. Nf3 Qg4 17. h3 Qg6 18. Rf2 Rae8 19. Raf1 Ng3 20. Nxg3 Qxg3 21. fxe5 dxe5 22. Qc1 h6 23. bxc5 bxc5 24. Qe3 e4 25. Bxg7 exf3 26. Qxh6 Qxg7 27. Qxc6 Qd4 28. Qxf3 Re3 29. Qh5 Rxd3 30. Kh1 Rxa3 31. Rf4 Qg7 32. Rxf5 Rxf5 33. Rxf5 Ra1+ 34. Kh2 Qc7+ 35. Re5 Ra4 36. Qg4+ Kh7 37. Qh4+ 1-0

[Event "Munich OIS op 37th"]
[Site "Munich"]
[Date "2017.10.01"]
[Round "2"]
[White "Koepke, Christian"]
[Black "Kessler, Jan"]
[Result "1-0"]
[WhiteElo "2290"]
[BlackElo "2053"]
[PlyCount "57"]
[EventDate "2017.09.30"]
[EventType "swiss"]
[EventRounds "9"]
[EventCountry "GER"]
[SourceTitle "CBM 181 Extra"]
[Source "ChessBase"]
[SourceDate "2017.12.12"]
[SourceVersion "1"]
[SourceVersionDate "2017.12.12"]
[SourceQuality "1"]

1. e4 c5 2. c3 g6 3. d4 cxd4 4. cxd4 d5 5. e5 Nc6 6. Nc3 Bg7 7. Bb5 f6 8. exf6 Nxf6 9. Nf3 0-0 10. 0-0 Bg4 11. Bxc6 bxc6 12. h3 Bxf3 13. Qxf3 Ne4 14. Qe2 Bxd4 15. Nxe4 dxe4 16. Be3 Bg7 17. Rad1 Qc7 18. b3 Qa5 19. Qc4+ Kh8 20. Rd7 Bf6 21. Qxe4 Qxa2 22. Bd4 Qxb3 23. Qxe7 Qf7 24. Bxf6+ Kg8 25. Bd4 Qxe7 26. Rxe7 Rf7 27. Rxf7 Kxf7 28. Ra1 a5 29. Ra4 1-0